[Event "Madrid-ch Semifinal A"]
[Site "Madrid ESP"]
[Date "2014.03.11"]
[Round "2.22"]
[White "Hernandez Garcia, Carlos"]
[Black "Lopez Heras, Arturo"]
[Result "0-1"]
[WhiteElo "1814"]
[BlackElo "1956"]
[PlyCount "86"]
[EventDate "2014.03.10"]
[EventType "swiss"]
[EventRounds "9"]
[EventCountry "ESP"]
[Source "lmi"]
[SourceDate "2014.03.10"]

1. e4 e5 2. Nf3 Nc6 3. Bb5 f5 4. Bxc6 dxc6 5. exf5 Bxf5 6. Nxe5 Nf6 7. c3 Qd5
8. Qe2 O-O-O 9. O-O Be4 10. f3 Qxe5 11. fxe4 Bd6 12. g3 Nxe4 13. d3 Nf6 14.
Qxe5 Bxe5 15. d4 Bd6 16. Bg5 Rdf8 17. Bxf6 Rxf6 18. Rxf6 gxf6 19. Nd2 Re8 20.
Kf1 Kd7 21. Nf3 c5 22. dxc5 Bxc5 23. Rd1+ Bd6 24. Nd4 Re5 25. c4 a6 26. b4 c5
27. Nb3 Kc6 28. Na5+ Kc7 29. Nxb7 Kxb7 30. Rxd6 cxb4 31. Rd7+ Kc6 32. Rxh7 Ra5
33. Ke2 Rxa2+ 34. Kd3 Ra3+ 35. Kc2 a5 36. Rh4 Rf3 37. Kb2 a4 38. Rh5 Rf2+ 39.
Kb1 f5 40. h4 a3 41. Rg5 b3 42. Rg6+ Kc5 43. Ra6 Rf1# 0-1

[Event "Madrid-ch Semifinal A"]
[Site "Madrid ESP"]
[Date "2014.03.12"]
[Round "3.1"]
[White "Perez De Aranda A., Leonardo I"]
[Black "Elissalt Cardenas, Hector"]
[Result "1/2-1/2"]
[WhiteElo "2117"]
[BlackElo "2369"]
[PlyCount "74"]
[EventDate "2014.03.10"]
[EventType "swiss"]
[EventRounds "9"]
[EventCountry "ESP"]
[Source "lmi"]
[SourceDate "2014.03.10"]

1. e4 c6 2. d4 d5 3. exd5 cxd5 4. Bd3 Nc6 5. c3 Qc7 6. Ne2 Bg4 7. Na3 a6 8. Qb3
Bxe2 9. Bxe2 e6 10. Bf4 Qd7 11. O-O Nf6 12. Rac1 Be7 13. Nb1 O-O 14. Nd2 Rfc8
15. Nf3 Bd6 16. Bxd6 Qxd6 17. Bd3 b5 18. Rfe1 Qf4 19. Qd1 g6 20. Qd2 Qxd2 21.
Nxd2 b4 22. Nb3 Nd7 23. f4 a5 24. Bb5 a4 25. cxb4 axb3 26. Bxc6 Ra7 27. Bxd7
Rxc1 28. Rxc1 bxa2 29. Ra1 Rxd7 30. Rxa2 Rb7 31. Kf2 Rxb4 32. Ke3 h5 33. Kd3
Kf8 34. Kc3 Rc4+ 35. Kd3 Rb4 36. Kc3 Rc4+ 37. Kd3 Rb4 1/2-1/2

[Event "Madrid-ch Semifinal A"]
[Site "Madrid ESP"]
[Date "2014.03.12"]
[Round "3.2"]
[White "Rodriguez De Castro, Ayar"]
[Black "Madina Yadarola, Martin"]
[Result "0-1"]
[WhiteElo "2108"]
[BlackElo "2254"]
[PlyCount "66"]
[EventDate "2014.03.10"]
[EventType "swiss"]
[EventRounds "9"]
[EventCountry "ESP"]
[Source "lmi"]
[SourceDate "2014.03.10"]

1. d4 d6 2. Nf3 Bg4 3. Nbd2 Nd7 4. g3 e6 5. Bg2 d5 6. O-O f5 7. c4 c6 8. Qb3
Rb8 9. Re1 Be7 10. Nf1 Qb6 11. Qe3 Kf7 12. h3 Bh5 13. b3 h6 14. g4 fxg4 15.
Qf4+ Ngf6 16. hxg4 g5 17. Qg3 Ne4 18. Qh3 Bg6 19. c5 Qc7 20. Be3 h5 21. Qh2 Qd8
22. Ne5+ Nxe5 23. Bxe4 Bxe4 24. Qxe5 Bf6 25. Qg3 hxg4 26. f3 Rh3 27. Qxg4 Bf5
28. Qg2 Qh8 29. Bf2 g4 30. Ng3 gxf3 31. exf3 Rxg3 32. Bxg3 Bxd4+ 33. Kf1 Bh3
0-1

[Event "Madrid-ch Semifinal A"]
[Site "Madrid ESP"]
[Date "2014.03.12"]
[Round "3.3"]
[White "Gonzalez Rivera, Eduardo"]
[Black "Barraza Caracuel, Ignacio"]
[Result "0-1"]
[WhiteElo "2101"]
[BlackElo "2207"]
[PlyCount "51"]
[EventDate "2014.03.10"]
[EventType "swiss"]
[EventRounds "9"]
[EventCountry "ESP"]
[Source "lmi"]
[SourceDate "2014.03.10"]

1. e4 e5 2. Nf3 Nc6 3. Bb5 a6 4. Bxc6 dxc6 5. O-O f6 6. d4 exd4 7. Nxd4 c5 8.
Nb3 Qxd1 9. Rxd1 Bd6 10. Na5 b5 11. c4 Ne7 12. Nc3 b4 13. Ne2 O-O 14. Be3 Ng6
15. Rac1 Ne5 16. f3 f5 17. exf5 Bxf5 18. Ng3 Bg6 19. Rd2 Rae8 20. Nf1 Re6 21.
Nb7 Rfe8 22. Nxc5 Bxc5 23. Bxc5 Nd3 24. Rxd3 Bxd3 25. Bxb4 Re2 26. Ba3 0-1

[Event "Madrid-ch Semifinal A"]
[Site "Madrid ESP"]
[Date "2014.03.12"]
[Round "3.4"]
[White "Spitzer Isbert, Ramon"]
[Black "Lopez De Turiso, Jose Angel"]
[Result "1/2-1/2"]
[WhiteElo "2070"]
[BlackElo "2127"]
[PlyCount "37"]
[EventDate "2014.03.10"]
[EventType "swiss"]
[EventRounds "9"]
[EventCountry "ESP"]
[Source "lmi"]
[SourceDate "2014.03.10"]

1. e4 e5 2. Nf3 Nc6 3. Bb5 f5 4. d3 fxe4 5. dxe4 Nf6 6. Nc3 Bb4 7. O-O Bxc3 8.
bxc3 d6 9. Bc4 Qe7 10. Qd3 Be6 11. Rb1 Bxc4 12. Qxc4 Nd8 13. Ba3 Qf7 14. Qb5+
Qd7 15. Qc4 Qc6 16. Qb3 Qb6 17. Qc4 Qc6 18. Qb3 Qb6 19. Qc4 1/2-1/2

[Event "Madrid-ch Semifinal A"]
[Site "Madrid ESP"]
[Date "2014.03.12"]
[Round "3.5"]
[White "Suarez Uriel, Adrian"]
[Black "Rueda Maria, Ramiro"]
[Result "1-0"]
[WhiteElo "2279"]
[BlackElo "1967"]
[PlyCount "103"]
[EventDate "2014.03.10"]
[EventType "swiss"]
[EventRounds "9"]
[EventCountry "ESP"]
[Source "lmi"]
[SourceDate "2014.03.10"]

1. e4 e5 2. Nf3 Nc6 3. Bb5 a6 4. Ba4 Nf6 5. O-O b5 6. Bb3 Be7 7. d3 O-O 8. a4
Bb7 9. Nc3 b4 10. Nd5 d6 11. Nxe7+ Nxe7 12. Qe1 a5 13. Nh4 Ng6 14. Nf5 Bc8 15.
h3 Be6 16. Ba2 Qc8 17. g4 Bxa2 18. Rxa2 Qe6 19. Ra1 Nf4 20. Bxf4 exf4 21. f3
Qe5 22. d4 Qe6 23. Qd2 g6 24. Nh6+ Kg7 25. Qxf4 Ng8 26. Nxg8 Rxg8 27. b3 Rh8
28. Kg2 f6 29. Rae1 Rhf8 30. Qd2 Rac8 31. f4 c5 32. d5 Qe7 33. c4 Rf7 34. Qb2
Kg8 35. Rf2 Rcf8 36. Rfe2 Qd8 37. Qd2 Qe7 38. Qe3 Kg7 39. Qg3 Kg8 40. Re3 Qe8
41. R1e2 Qe7 42. Rf2 Qe8 43. Rff3 Qe7 44. h4 Kg7 45. g5 Qd8 46. e5 fxe5 47.
fxe5 Rxf3 48. Rxf3 Rxf3 49. Kxf3 Qf8+ 50. Qf4 dxe5 51. Qxf8+ Kxf8 52. Ke4 1-0

[Event "Madrid-ch Semifinal A"]
[Site "Madrid ESP"]
[Date "2014.03.12"]
[Round "3.6"]
[White "Jimenez Gonzalez, Marcos"]
[Black "Martin Rodriguez, Emilio"]
[Result "1-0"]
[WhiteElo "1851"]
[BlackElo "2078"]
[PlyCount "65"]
[EventDate "2014.03.10"]
[EventType "swiss"]
[EventRounds "9"]
[EventCountry "ESP"]
[Source "lmi"]
[SourceDate "2014.03.10"]

1. b3 d5 2. Bb2 Nf6 3. e3 e6 4. Nf3 Bd6 5. c4 O-O 6. d4 c6 7. Bd3 Ne4 8. Nbd2
f5 9. O-O Nd7 10. Ne5 Qf6 11. Ndf3 g6 12. Nxd7 Bxd7 13. Ne5 Qg7 14. f3 Nf6 15.
Qc2 Rad8 16. Rae1 Bc8 17. e4 dxe4 18. fxe4 Bxe5 19. dxe5 Nxe4 20. Bxe4 fxe4 21.
Rf6 Rd3 22. Rxe4 Rfd8 23. Ref4 c5 24. Bc3 b6 25. h3 g5 26. Rf3 Qd7 27. Qf2 Rxf3
28. Rxf3 Qd1+ 29. Kh2 Qc1 30. Rf7 Qb1 31. Rg7+ Kxg7 32. Qf6+ Kg8 33. Qxd8+ 1-0

[Event "Madrid-ch Semifinal A"]
[Site "Madrid ESP"]
[Date "2014.03.12"]
[Round "3.7"]
[White "Martin Martin, Luis Vicente"]
[Black "Alvarez Abejon, Amilcar"]
[Result "0-1"]
[WhiteElo "2065"]
[BlackElo "2054"]
[PlyCount "98"]
[EventDate "2014.03.10"]
[EventType "swiss"]
[EventRounds "9"]
[EventCountry "ESP"]
[Source "lmi"]
[SourceDate "2014.03.10"]

1. d4 f5 2. Nf3 Nf6 3. Bf4 g6 4. h3 Bg7 5. Nc3 O-O 6. Qd2 Ne4 7. Qe3 Nxc3 8.
Qxc3 d6 9. e3 Be6 10. Ng5 Bd5 11. Bc4 c6 12. Bxd5+ cxd5 13. Ne6 Qd7 14. Nxf8
Kxf8 15. Qb3 Qc6 16. O-O Nd7 17. c3 Nf6 18. Qd1 Qd7 19. Rc1 Rc8 20. a4 Ne4 21.
f3 Nf6 22. Qb3 Rc4 23. Ra1 a6 24. Rfc1 Nh5 25. Bh2 Bh6 26. Re1 Qe6 27. Qxb7
Bxe3+ 28. Kh1 f4 29. Qxa6 Qf5 30. a5 Bf2 31. Re2 Ra4 32. Rd1 Be3 33. Qb5 Ra2
34. a6 Qc8 35. Ree1 Rxa6 36. Ra1 Rxa1 37. Rxa1 Qf5 38. Qe2 e5 39. g4 fxg3 40.
Qxe3 Qxh3 41. Qg1 gxh2 42. Qxh2 Qxf3+ 43. Kg1 Nf4 44. Rf1 Qg4+ 45. Kh1 g5 46.
b4 e4 47. b5 e3 48. b6 e2 49. Re1 Qf3+ 0-1

[Event "Madrid-ch Semifinal A"]
[Site "Madrid ESP"]
[Date "2014.03.12"]
[Round "3.8"]
[White "Vallejo Nuno, Jorge"]
[Black "Lobato Rivero, Carlos"]
[Result "1/2-1/2"]
[WhiteElo "2061"]
[BlackElo "1999"]
[PlyCount "28"]
[EventDate "2014.03.10"]
[EventType "swiss"]
[EventRounds "9"]
[EventCountry "ESP"]
[Source "lmi"]
[SourceDate "2014.03.10"]

1. Nf3 g6 2. g3 Bg7 3. Bg2 f5 4. O-O e5 5. d3 Nc6 6. c4 Nf6 7. Nc3 O-O 8. e4 d6
9. exf5 Bxf5 10. d4 Bg4 11. h3 Bxf3 12. Bxf3 exd4 13. Nb5 Qc8 14. Nxd4 Qxh3
1/2-1/2

[Event "Madrid-ch Semifinal A"]
[Site "Madrid ESP"]
[Date "2014.03.12"]
[Round "3.9"]
[White "Vazquez Gonzalez, Jesus"]
[Black "Rosa Ramirez, Victor D"]
[Result "1/2-1/2"]
[WhiteElo "2054"]
[BlackElo "1989"]
[PlyCount "47"]
[EventDate "2014.03.10"]
[EventType "swiss"]
[EventRounds "9"]
[EventCountry "ESP"]
[Source "lmi"]
[SourceDate "2014.03.10"]

1. b3 e5 2. Bb2 Nc6 3. e3 Bb4 4. Nf3 d6 5. c4 f5 6. a3 Ba5 7. b4 Bb6 8. d4 a5
9. dxe5 axb4 10. exd6 Nf6 11. dxc7 Qxd1+ 12. Kxd1 Ne4 13. Ke1 O-O 14. Bd3 Nc5
15. Ke2 Bxc7 16. Nbd2 f4 17. Be4 Nxe4 18. Nxe4 Bf5 19. Ned2 fxe3 20. fxe3 Rad8
21. axb4 Bd3+ 22. Kf2 Bc2 23. Ke2 Bd3+ 24. Kf2 1/2-1/2

[Event "Madrid-ch Semifinal A"]
[Site "Madrid ESP"]
[Date "2014.03.12"]
[Round "3.10"]
[White "Garcia Gonzalez, Jesus"]
[Black "Mansilla Tolosa, Luis"]
[Result "1/2-1/2"]
[WhiteElo "1993"]
[BlackElo "2035"]
[PlyCount "22"]
[EventDate "2014.03.10"]
[EventType "swiss"]
[EventRounds "9"]
[EventCountry "ESP"]
[Source "lmi"]
[SourceDate "2014.03.10"]

1. e4 e6 2. d4 d5 3. exd5 exd5 4. Nf3 Bd6 5. Bd3 Qe7+ 6. Qe2 Qxe2+ 7. Bxe2 Nf6
8. O-O O-O 9. Nc3 Bf5 10. Bg5 Nbd7 11. Rac1 c6 1/2-1/2

[Event "Madrid-ch Semifinal A"]
[Site "Madrid ESP"]
[Date "2014.03.12"]
[Round "3.12"]
[White "Luna Hermoso, Angel"]
[Black "Cervino Rossel, Cristobal"]
[Result "1/2-1/2"]
[WhiteElo "1973"]
[BlackElo "2018"]
[PlyCount "128"]
[EventDate "2014.03.10"]
[EventType "swiss"]
[EventRounds "9"]
[EventCountry "ESP"]
[Source "lmi"]
[SourceDate "2014.03.10"]

1. d4 Nf6 2. c4 e6 3. Nf3 b6 4. g3 Bb7 5. Bg2 Bb4+ 6. Bd2 Be7 7. O-O O-O 8. Nc3
d6 9. Qc2 Nbd7 10. Rad1 Qe8 11. e4 e5 12. d5 a5 13. Nh4 Nc5 14. Nf5 Bc8 15. Bh3
Kh8 16. Rfe1 g6 17. Nxe7 Bxh3 18. Nc6 Bg4 19. Bg5 Ng8 20. f3 Bd7 21. f4 f6 22.
fxe5 Bxc6 23. dxc6 dxe5 24. Be3 Qxc6 25. Nd5 Rf7 26. b3 Raf8 27. a3 Ne6 28. b4
axb4 29. axb4 Ng7 30. b5 Qe6 31. c5 f5 32. cxb6 cxb6 33. Bxb6 f4 34. Bc5 Rc8
35. Rc1 fxg3 36. hxg3 Qg4 37. Qg2 Rf3 38. Re3 Rxe3 39. Nxe3 Qg5 40. Qf2 Ne6 41.
Ba3 Rb8 42. Rb1 Nd4 43. b6 Ne7 44. Bd6 Re8 45. Bxe7 Qxe7 46. Nd5 Qg7 47. b7 Nc6
48. Qf6 Nb8 49. Rc1 Rf8 50. Qxf8+ Qxf8 51. Rc8 Kg7 52. Rxf8 Kxf8 53. Kf2 h5 54.
Ke2 Kf7 55. Kd3 g5 56. Ke3 Ke6 57. Kf3 Kf7 58. Ne3 Ke6 59. Nf5 Kd7 60. g4 hxg4+
61. Kxg4 Kc7 62. Ne3 Kxb7 63. Nc4 Nd7 64. Kxg5 Nc5 1/2-1/2

[Event "Madrid-ch Semifinal A"]
[Site "Madrid ESP"]
[Date "2014.03.12"]
[Round "3.13"]
[White "Lopez Heras, Arturo"]
[Black "Gonzalez Mateos, Rafael"]
[Result "0-1"]
[WhiteElo "1956"]
[BlackElo "2005"]
[PlyCount "52"]
[EventDate "2014.03.10"]
[EventType "swiss"]
[EventRounds "9"]
[EventCountry "ESP"]
[Source "lmi"]
[SourceDate "2014.03.10"]

1. e4 e6 2. d4 d5 3. e5 c5 4. Nf3 cxd4 5. Bd3 Nc6 6. O-O f6 7. Bb5 Bd7 8. Bxc6
bxc6 9. Qxd4 Qb6 10. Qf4 f5 11. c4 Ne7 12. c5 Qxc5 13. Be3 Ng6 14. Qg5 Qb4 15.
a3 Qg4 16. Nbd2 h6 17. Qxg4 fxg4 18. Nd4 c5 19. Ne2 d4 20. Bf4 d3 21. Bg3 dxe2
22. Rfe1 Bb5 23. a4 Bd3 24. Rac1 c4 25. Nxc4 Bb4 26. Nd6+ Kd7 0-1

[Event "Madrid-ch Semifinal A"]
[Site "Madrid ESP"]
[Date "2014.03.12"]
[Round "3.14"]
[White "Quintero Torres, Pedro"]
[Black "Fernandez Aransay, Fernando"]
[Result "1-0"]
[WhiteElo "2004"]
[BlackElo "1888"]
[PlyCount "117"]
[EventDate "2014.03.10"]
[EventType "swiss"]
[EventRounds "9"]
[EventCountry "ESP"]
[Source "lmi"]
[SourceDate "2014.03.10"]

1. e4 c5 2. Nf3 d6 3. Bc4 Nc6 4. O-O Nf6 5. d3 g6 6. c3 Bg7 7. Bb3 O-O 8. Re1
Qc7 9. h3 b5 10. d4 b4 11. cxb4 cxb4 12. Bg5 Na5 13. Ba4 Bb7 14. Nbd2 Qb6 15.
Qe2 Ba6 16. Qe3 Rfd8 17. Rac1 Rac8 18. d5 Qb7 19. Nd4 Rxc1 20. Rxc1 Rc8 21.
Rxc8+ Qxc8 22. Nc6 Nxc6 23. dxc6 Qc7 24. Qb3 Qa5 25. Be3 Ne8 26. Bxa7 Bxb2 27.
Be3 Bc3 28. Nf3 Nc7 29. Bg5 Bd3 30. Bxe7 Bxe4 31. Bxd6 Bd5 32. Bxc7 Bxb3 33.
Bxa5 Bxa4 34. c7 Bd7 35. a3 Kf8 36. Bxb4+ Bxb4 37. axb4 Ke7 38. Kf1 f6 39. Ke2
Kd6 40. Ke3 Kxc7 41. Kd4 Kb6 42. Kd5 Bb5 43. Ke6 Bf1 44. Ne1 f5 45. Kf6 Kb5 46.
Kg7 g5 47. Kxh7 Kxb4 48. Nc2+ Kc3 49. Ne3 Bd3 50. Kh6 g4 51. hxg4 fxg4 52. Nxg4
Kd2 53. Kg5 Ke2 54. f4 Kf1 55. Ne5 Be4 56. g4 Kg2 57. f5 Kg3 58. f6 Bd5 59. f7
1-0

[Event "Madrid-ch Semifinal A"]
[Site "Madrid ESP"]
[Date "2014.03.12"]
[Round "3.15"]
[White "Pinel Mirasierra, Jose Pablo"]
[Black "Fuentes Arjona, Antonio"]
[Result "1/2-1/2"]
[WhiteElo "1951"]
[BlackElo "2003"]
[PlyCount "34"]
[EventDate "2014.03.10"]
[EventType "swiss"]
[EventRounds "9"]
[EventCountry "ESP"]
[Source "lmi"]
[SourceDate "2014.03.10"]

1. d4 Nf6 2. Nf3 g6 3. c4 Bg7 4. g3 c6 5. Bg2 d5 6. O-O dxc4 7. Ne5 Be6 8. Na3
Bd5 9. Naxc4 Bxg2 10. Kxg2 Qd5+ 11. f3 O-O 12. e4 Qd8 13. Be3 Nbd7 14. Qd2 Nxe5
15. Nxe5 Nd7 16. Nxd7 Qxd7 17. Rfd1 Rfd8 1/2-1/2

[Event "Madrid-ch Semifinal A"]
[Site "Madrid ESP"]
[Date "2014.03.12"]
[Round "3.16"]
[White "Saber, Salah"]
[Black "Lorenzo Bailador, Alfredo"]
[Result "0-1"]
[WhiteElo "1847"]
[BlackElo "1996"]
[PlyCount "83"]
[EventDate "2014.03.10"]
[EventType "swiss"]
[EventRounds "9"]
[EventCountry "ESP"]
[Source "lmi"]
[SourceDate "2014.03.10"]

1. e4 e5 2. Bc4 Nf6 3. Nc3 Nxe4 4. Bxf7+ Kxf7 5. Qh5+ g6 6. Qxe5 Nf6 7. Nge2
Bg7 8. O-O Re8 9. Qf4 Kg8 10. Ng3 c6 11. d3 d5 12. Bd2 Na6 13. Rae1 Bd7 14. Qh4
Rxe1 15. Rxe1 Ng4 16. Re7 Nf6 17. Re1 Qf8 18. Nd1 Re8 19. Rf1 Ng4 20. f3 Bf6
21. Bg5 Qe7 22. Bxf6 Qxf6 23. Qxf6 Nxf6 24. a3 Nc5 25. d4 Ne6 26. c3 Nf4 27.
Nf2 h5 28. Rd1 h4 29. Nf1 N6h5 30. g3 hxg3 31. hxg3 Nh3+ 32. Nxh3 Bxh3 33. Kf2
Bxf1 34. Rxf1 Kg7 35. b4 Nf6 36. Rb1 Re7 37. a4 Ne8 38. b5 Nd6 39. bxc6 bxc6
40. a5 Rb7 41. Re1 Kf6 42. g4 0-1

[Event "Madrid-ch Semifinal A"]
[Site "Madrid ESP"]
[Date "2014.03.12"]
[Round "3.17"]
[White "Martos De La Vega, Alvar"]
[Black "Montes De Santiago, Fernando"]
[Result "1/2-1/2"]
[WhiteElo "1958"]
[BlackElo "1831"]
[PlyCount "46"]
[EventDate "2014.03.10"]
[EventType "swiss"]
[EventRounds "9"]
[EventCountry "ESP"]
[Source "lmi"]
[SourceDate "2014.03.10"]

1. d4 Nf6 2. c4 g6 3. Nc3 Bg7 4. e4 d6 5. Nf3 O-O 6. Be2 c5 7. O-O cxd4 8. Nxd4
Nc6 9. Nc2 Be6 10. Kh1 Nd7 11. Nd5 Nb6 12. Rb1 a5 13. b3 a4 14. b4 Ne5 15. c5
dxc5 16. bxc5 Nxd5 17. exd5 Qxd5 18. Qxd5 Bxd5 19. f4 Nd7 20. Nb4 Be4 21. Bd3
Nxc5 22. Bxe4 Nxe4 23. Nd5 Bd4 1/2-1/2

[Event "Madrid-ch Semifinal A"]
[Site "Madrid ESP"]
[Date "2014.03.12"]
[Round "3.18"]
[White "Martin-Consuegra Barrilero, Ja"]
[Black "Camacho Casado, Demetrio"]
[Result "1/2-1/2"]
[WhiteElo "1853"]
[BlackElo "1956"]
[PlyCount "59"]
[EventDate "2014.03.10"]
[EventType "swiss"]
[EventRounds "9"]
[EventCountry "ESP"]
[Source "lmi"]
[SourceDate "2014.03.10"]

1. d4 f5 2. Bf4 d6 3. e3 g6 4. h3 Bg7 5. Nf3 Nf6 6. Bc4 e6 7. c3 Qe7 8. Nbd2
O-O 9. Qc2 Kh8 10. O-O-O a6 11. Bd3 Nc6 12. Bh2 e5 13. dxe5 dxe5 14. e4 f4 15.
Kb1 b5 16. Nb3 Be6 17. Nfd2 b4 18. Bc4 a5 19. Bxe6 Qxe6 20. Nc5 Qe7 21. Na4
bxc3 22. bxc3 Nd7 23. f3 Rfb8+ 24. Ka1 Nb6 25. Bg1 Nxa4 26. Qxa4 Qe8 27. Nb3 h6
28. Bc5 Kh7 29. Rd5 Rb7 30. Rhd1 1/2-1/2

[Event "Madrid-ch Semifinal A"]
[Site "Madrid ESP"]
[Date "2014.03.12"]
[Round "3.19"]
[White "Lozano Sanchez, Jose Antonio"]
[Black "Ore Leon, Gustavo"]
[Result "1-0"]
[WhiteElo "1874"]
[BlackElo "1840"]
[PlyCount "113"]
[EventDate "2014.03.10"]
[EventType "swiss"]
[EventRounds "9"]
[EventCountry "ESP"]
[Source "lmi"]
[SourceDate "2014.03.10"]

1. e4 c5 2. Nf3 Nc6 3. Bc4 g6 4. Nc3 Bg7 5. O-O Nf6 6. d3 O-O 7. a3 d6 8. h3
Bd7 9. Bf4 Rc8 10. Re1 e5 11. Bd2 Nd4 12. a4 a6 13. a5 Be6 14. Nd5 Nxf3+ 15.
Qxf3 Nxd5 16. Bxd5 Bxd5 17. exd5 f5 18. c4 Rc7 19. Rab1 Qc8 20. b4 cxb4 21.
Rxb4 Rff7 22. Qe2 h6 23. Reb1 Kh7 24. Kf1 Rce7 25. Rb6 Rd7 26. Bb4 Bf8 27. Qe3
e4 28. Bc3 Be7 29. Qe2 Bd8 30. R6b3 Rc7 31. dxe4 fxe4 32. Qxe4 Rxc4 33. Qe6 Qc7
34. Qe8 Rxc3 35. Rxc3 Qd7 36. Qxd7 Rxd7 37. Rcb3 Bxa5 38. Rxb7 Rg7 39. Rxg7+
Kxg7 40. Ra1 Bc3 41. Rxa6 Be5 42. Ke2 Kf6 43. Kd3 Kf5 44. Ra8 Bf6 45. Rf8 g5
46. g4+ Ke5 47. Kc4 Bg7 48. Rf7 Bf6 49. Rh7 Kf4 50. Rxh6 Be5 51. Re6 Ke4 52.
Re8 Kf4 53. Kb5 Bd4 54. Kc6 Be5 55. Rg8 Kf3 56. Rxg5 Kxf2 57. Rxe5 1-0

[Event "Madrid-ch Semifinal A"]
[Site "Madrid ESP"]
[Date "2014.03.12"]
[Round "3.20"]
[White "Garcia Fernandez, Jesus"]
[Black "Perez Agusti, Luis"]
[Result "0-1"]
[WhiteElo "1892"]
[BlackElo "1952"]
[PlyCount "42"]
[EventDate "2014.03.10"]
[EventType "swiss"]
[EventRounds "9"]
[EventCountry "ESP"]
[Source "lmi"]
[SourceDate "2014.03.10"]

1. e4 d5 2. d4 dxe4 3. Nc3 Nf6 4. f3 exf3 5. Nxf3 e6 6. Bd3 Bd6 7. O-O O-O 8.
Bg5 Nbd7 9. Ne5 Be7 10. Qe1 Nh5 11. Nxf7 Rxf7 12. Qxe6 Ndf6 13. Qb3 Qxd4+ 14.
Kh1 Qb4 15. Bc4 Qxb3 16. Bxb3 h6 17. Rae1 Kf8 18. Bd2 Bd7 19. Nd5 Nxd5 20.
Rxf7+ Kxf7 21. Bxd5+ Kf8 0-1

[Event "Madrid-ch Semifinal A"]
[Site "Madrid ESP"]
[Date "2014.03.12"]
[Round "3.21"]
[White "Camarero Izquierdo, Juan Carlo"]
[Black "Fernandez Garcia, Ignacio"]
[Result "1-0"]
[WhiteElo "1864"]
[BlackElo "1907"]
[PlyCount "43"]
[EventDate "2014.03.10"]
[EventType "swiss"]
[EventRounds "9"]
[EventCountry "ESP"]
[Source "lmi"]
[SourceDate "2014.03.10"]

1. d4 Nf6 2. Nc3 d5 3. Bg5 c6 4. Bxf6 exf6 5. Qd3 Bb4 6. f3 O-O 7. e4 c5 8.
O-O-O cxd4 9. Nxd5 Bc5 10. Ne2 Be6 11. c4 Nc6 12. Nef4 Ne5 13. Qd2 b5 14. cxb5
g5 15. Nh5 Bxd5 16. exd5 Qd6 17. f4 Ng4 18. fxg5 Ne3 19. Nxf6+ Kg7 20. Qd3 Rh8
21. Re1 Qf4 22. Nh5+ 1-0

[Event "Madrid-ch Semifinal A"]
[Site "Madrid ESP"]
[Date "2014.03.17"]
[Round "4.1"]
[White "Madina Yadarola, Martin"]
[Black "Barraza Caracuel, Ignacio"]
[Result "1/2-1/2"]
[WhiteElo "2254"]
[BlackElo "2207"]
[PlyCount "88"]
[EventDate "2014.03.10"]
[EventType "swiss"]
[EventRounds "9"]
[EventCountry "ESP"]
[Source "lmi"]
[SourceDate "2014.03.10"]

1. Nf3 d5 2. c4 c6 3. e3 Nf6 4. Nc3 g6 5. Be2 Bg7 6. O-O O-O 7. d4 Bg4 8. Qb3
Qb6 9. h3 Qxb3 10. axb3 Bxf3 11. Bxf3 e6 12. Rd1 Nbd7 13. g4 Rfd8 14. g5 Ne8
15. e4 c5 16. exd5 cxd4 17. dxe6 fxe6 18. Ne4 a6 19. Bg4 Nc7 20. f4 b6 21. b4
Nf8 22. Nf2 Rd7 23. Nd3 Rad8 24. h4 Rd6 25. Re1 Nd7 26. b3 Nb8 27. Ba3 b5 28.
Rac1 Kf7 29. Bf3 Nc6 30. Bb2 Ne7 31. h5 Nf5 32. Kf2 Ne3 33. Rh1 Kg8 34. Be4 Nf5
35. Rh3 Rf8 36. Ke2 Rdd8 37. hxg6 hxg6 38. Rch1 bxc4 39. bxc4 Nd6 40. Bxg6 Nxc4
41. Bc1 Nd5 42. Bh7+ Kf7 43. f5 exf5 44. Bxf5 Rde8+ 1/2-1/2

[Event "Madrid-ch Semifinal A"]
[Site "Madrid ESP"]
[Date "2014.03.17"]
[Round "4.2"]
[White "Elissalt Cardenas, Hector"]
[Black "Jimenez Gonzalez, Marcos"]
[Result "1/2-1/2"]
[WhiteElo "2369"]
[BlackElo "1851"]
[PlyCount "72"]
[EventDate "2014.03.10"]
[EventType "swiss"]
[EventRounds "9"]
[EventCountry "ESP"]
[Source "lmi"]
[SourceDate "2014.03.10"]

1. Nf3 e6 2. c4 d5 3. b3 c5 4. e3 Nc6 5. Bb2 Nf6 6. d3 Be7 7. a3 O-O 8. Nbd2
Qc7 9. Be2 e5 10. cxd5 Nxd5 11. O-O f6 12. Rc1 Be6 13. Ne4 b6 14. Qc2 Rac8 15.
Rfe1 Qb7 16. Qb1 Bf7 17. Bf1 Na5 18. Ned2 Rfe8 19. d4 Bg6 20. Qa2 cxd4 21. exd4
Rxc1 22. Rxc1 e4 23. Nh4 Bf7 24. Nf5 Bf8 25. Nc4 Nxc4 26. bxc4 e3 27. cxd5 e2
28. Ne3 exf1=Q+ 29. Kxf1 Rxe3 30. fxe3 Bxd5 31. Qb1 Bxg2+ 32. Kg1 Be4 33. Qa2+
Bd5 34. Qb1 Be4 35. Qa2+ Bd5 36. Qb1 Be4 1/2-1/2

[Event "Madrid-ch Semifinal A"]
[Site "Madrid ESP"]
[Date "2014.03.17"]
[Round "4.3"]
[White "Lopez De Turiso, Jose Angel"]
[Black "Suarez Uriel, Adrian"]
[Result "0-1"]
[WhiteElo "2127"]
[BlackElo "2279"]
[PlyCount "132"]
[EventDate "2014.03.10"]
[EventType "swiss"]
[EventRounds "9"]
[EventCountry "ESP"]
[Source "lmi"]
[SourceDate "2014.03.10"]

1. d4 Nf6 2. c4 g6 3. Nc3 d5 4. Nf3 Bg7 5. Bg5 Ne4 6. Bf4 Nxc3 7. bxc3 c5 8. e3
Nc6 9. Rb1 O-O 10. Qa4 a6 11. cxd5 Qxd5 12. Bc4 Qh5 13. Be2 cxd4 14. cxd4 b5
15. Rxb5 axb5 16. Qxa8 Qd5 17. Qa3 Be6 18. Qb3 b4 19. Qxd5 Bxd5 20. Kd2 Ra8 21.
Ra1 Ra3 22. Bb5 Na5 23. Kc2 Nb3 24. Rb1 Rxa2+ 25. Rb2 Ra3 26. Ne1 h6 27. Nd3 g5
28. Nxb4 Be4+ 29. Bd3 Bxd3+ 30. Nxd3 Na1+ 31. Kd2 gxf4 32. Nxf4 Nb3+ 33. Ke2
Ra2 34. Rxa2 Nc1+ 35. Kd2 Nxa2 36. Nd5 e6 37. Ne7+ Kf8 38. Nc6 Ke8 39. Kc2 Kd7
40. Na5 Nb4+ 41. Kd2 Kd6 42. f3 Kd5 43. Nb3 f5 44. Kc3 Nc6 45. Kd3 Nb4+ 46. Kc3
Bf8 47. Nd2 Na2+ 48. Kb2 Nb4 49. Kc3 Nc6 50. e4+ Kd6 51. Kc4 Bg7 52. Nb3 Kc7
53. g4 f4 54. h4 Bf6 55. h5 Bg7 56. Kd3 Kd6 57. Kc4 e5 58. d5 Nd4 59. Nd2 Bf8
60. Kb4 Be7 61. Nc4+ Kc7+ 62. d6+ Bxd6+ 63. Nxd6 Kxd6 64. g5 Nxf3 65. gxh6 Ng5
66. Kc4 Kc6 0-1

[Event "Madrid-ch Semifinal A"]
[Site "Madrid ESP"]
[Date "2014.03.17"]
[Round "4.4"]
[White "Alvarez Abejon, Amilcar"]
[Black "Perez De Aranda A., Leonardo I"]
[Result "1/2-1/2"]
[WhiteElo "2054"]
[BlackElo "2117"]
[PlyCount "89"]
[EventDate "2014.03.10"]
[EventType "swiss"]
[EventRounds "9"]
[EventCountry "ESP"]
[Source "lmi"]
[SourceDate "2014.03.10"]

1. e4 d6 2. d4 Nf6 3. Nc3 e5 4. dxe5 dxe5 5. Qxd8+ Kxd8 6. Bg5 Be6 7. O-O-O+
Kc8 8. f4 exf4 9. e5 Nfd7 10. Nf3 h6 11. Bxf4 g5 12. Bg3 Bg7 13. Nb5 Nc6 14.
Nbd4 Nxd4 15. Nxd4 Bg4 16. Re1 Nb6 17. Bd3 Re8 18. Rhf1 Bh5 19. Bf5+ Kb8 20.
Bh3 g4 21. Bxg4 Bxg4 22. Rxf7 Bf8 23. Nb5 Nd5 24. e6 Bd6 25. Nxd6 cxd6 26.
Bxd6+ Kc8 27. c4 Bxe6 28. Rxe6 Rxe6 29. Rf8+ Kd7 30. Rxa8 Nb6 31. Rxa7 Kxd6 32.
Rxb7 Nxc4 33. b3 Kc6 34. Rh7 Nd6 35. Kd2 Ne4+ 36. Kd3 Nc5+ 37. Kd2 Kb6 38. Rg7
Kb5 39. h4 Ra6 40. a4+ Kb4 41. a5 Nxb3+ 42. Ke3 Rxa5 43. g4 Ra4 44. Rg6 Kc5 45.
Rxh6 1/2-1/2